Wrestlers by Picture 39: Masked Wrestlers 2 - Statistics

General Stats
  • This quiz has been taken 33 times
  • The average score is 10 of 16
Answer Stats
Picture Answer % Correct
Big Van Vader
97%
Kane
97%
The Fiend
94%
The Hurricane
94%
Mankind
90%
Penta El Zero
87%
Abyss
74%
Luchasaurus
68%
Fenix
58%
Lince Dorado
52%
Gran Metalik
48%
Mortis
45%
Hayabusa
39%
Bandido
32%
Komander
19%
The Destroyer
19%
No matching quizzes found
Score Distribution
Percent of People with Each Score
Percentile by Number Answered
Your Score History
You have not taken this quiz